000 01735nam a2200349 a 4500
001 000043477
003 DO-SdBNP
005 20250205122719.0
007 ta
008 140319s2000 dr 000 0 spa d
020 _a9993436054
040 _aDO-SdBNP
_bspa
_cBNPHU
082 4 _bP969
_222
110 2 _aRepública Dominicana.
_9447
240 1 0 _a[Leyes, etc.]
245 1 0 _aProyecto de código de procedimiento penal :
_bRedactado por la comisión de revisión y actualización del código de procedimiento criminal, designada mediante decreto no.104-97, de fecha 27 de febrero de 1997 /
_ccoordinador ; César Pina Toribio... [et al.]. ; prólogo Aura Celeste Fernández Rodríguez.
260 _aSanto Domingo :
_bComisionado de Apoyo a la Reforma y Modernización de la Justicia,CARMJ,
_c2000.
300 _a259 p. ;
_c22 cm.
490 1 _aCuadernos de las comisiones de revisión y actualización de los códigos
500 _aComisión de Revisión y Actualización del Código de Procedimiento Criminal
500 _aPresentado por el primer mandatario de la nación. Dr. Leonel Fernández Reyna, a la Asamblea Nacional, el 27 de febrero del 2000.
590 _aInventariado, 2021 / DG
700 1 _aFernández Rodríguez, Aura Celeste,
_d1959-
_eprólogo
_976547
700 1 _aPina Toribio, César
_ecoordinador
_916867
700 1 _aPellerano Gómez, Juan Manuel
_97065
700 1 _aGermán Brito, Miriam
_934761
700 1 _aMoreno García, Guillermo
_971174
710 1 _aRepública Dominicana.
_bComisionado de Apoyo a la Reforma y Modernización de la Justicia
_917179
830 0 _aCuadernos de las comisiones de revisión y actualización de los códigos
_971176
910 _aD/G
942 _2ddc
_cLBS1
999 _c42966
_d42966